000 00541nam a22001937a 4500
003 OSt
005 20140310181753.0
008 121207t xxu||||| |||| 00| 0 eng d
020 _a9715843328
050 _aPL 6063
_b.C955 2008
082 _aFIL 899.21
_bC84 2008
245 _aAng Ibong Adarna :
_cRevimarc L. de Mesa
_bisang korido /
260 _aQuezon City :
_bC & E Publishing, Inc.,
_cc2008.
300 _a335 p.
_bill. ;
_c26 cm.
521 _aBasic Ed. Students
541 _j1
562 _e1
942 _2lcc
_cBK-FIL
_kFIL
999 _c3329
_d3329